000
00226nam a2200097Ia 4500
008
190216s9999||||xx |||||||||||||| ||und||
100
_a
Ekambara Nath Ayyer
245
0
_a
Manual Of Zoology
260
_b
Kerala Shaka
942
_c
BK
999
_c
37331
_d
37331